Lecture et prise de notes (notice n° 1569601)
[ vue normale ]
| 000 -LEADER | |
|---|---|
| fixed length control field | 01088cam a2200133 4500500 |
| 005 - DATE AND TIME OF LATEST TRANSACTION | |
| control field | 20251214010726.0 |
| 041 ## - LANGUAGE CODE | |
| Language code of text/sound track or separate title | fre |
| 042 ## - AUTHENTICATION CODE | |
| Authentication code | dc |
| 100 10 - MAIN ENTRY--PERSONAL NAME | |
| Personal name | Chevalier, Brigitte |
| Relator term | author |
| 245 00 - TITLE STATEMENT | |
| Title | Lecture et prise de notes |
| 260 ## - PUBLICATION, DISTRIBUTION, ETC. | |
| Name of publisher, distributor, etc. | Armand Colin,<br/> |
| Date of publication, distribution, etc. | 2010.<br/> |
| 520 ## - SUMMARY, ETC. | |
| Summary, etc. | Ce livre a pour but de permettre aux étudiants, quelle que soit leur discipline, d'acquérir des méthodes performantes en particulier dans les domaines de la lecture et de la prise de notes, mais aussi dans les domaines de la mémoire et de l'organisation du travail. Grâce à l'apport des neurosciences, il propose à l'étudiant de découvrir son propre fonctionnement mental et, de ce fait, lui permet de mieux exploiter son potentiel intellectuel. Après avoir déterminé son profil cérébral dominant à l'aide de tests, l'étudiant pourra suivre l'itinéraire méthodologique qui lui convient, et trouver dans l'ouvrage des gammes d'entraînement accompagnées de leurs corrigés. |
| 856 41 - ELECTRONIC LOCATION AND ACCESS | |
| Uniform Resource Identifier | <a href="https://shs.cairn.info/lecture-et-prise-de-notes--9782200353339?lang=fr&redirect-ssocas=7080">https://shs.cairn.info/lecture-et-prise-de-notes--9782200353339?lang=fr&redirect-ssocas=7080</a> |
Pas d'exemplaire disponible.




Réseaux sociaux